| 000 | 00000nam##2200000za#4500 |
| 001 | 9.668964 |
| 003 | CaOODSP |
| 005 | 20210615124524 |
| 007 | ta |
| 008 | 150407|2007||||xxc||||| f|0| 0 fre|d |
| 020 | |a978-0-662-69939-2 |
| 040 | |aCaOODSP|bfre |
| 041 | |aeng |
| 041 | |afre |
| 043 | |an-cn--- |
| 086 | 1 |aFo149-1/2006 |
| 110 | 1 |aCanada.|bRessources naturelles Canada. |bService canadien des forêts. |
| 245 | 10|aCentre canadien sur la fibre de bois - Plan de développement, 2006-2009 / |cPublié par le Centre canadien sur la fibre de bois. |
| 246 | 17|aPlan de développement du CCFB |
| 260 | |aOttawa - Ontario : |bRessources naturelles Canada. |c2007. |
| 300 | |aTexte français, 30p. : |bfigures en couleur, photographies ; |c28 cm. |
| 520 | 3 |aLes objectifs du présent plan qui couvre les exercices de 2006 à 2009 son les suivants : Donner un fondement stratégique solide au programme de recherche dont sera doté le Centre canadien sur la fibre de bois; Orienter le développement de la structure du CCFB au sein du Service canadien des forêts de Ressources naturelles Canada; Orienter à court terme les programmes du CCFB jusqu’à ce que les nouvelles orientations de FPInnovations, nouveau partenariat public-privé, puissent être prises en compte dans un plan stratégique à plus long terme. |
| 563 | |aCouverture souple |
| 590 | |a07-33|b2007-08-17 |
| 590 | |a07-35|b2007-08-31 |
| 776 | 0#|tCentre canadien sur la fibre de bois - Plan de développement, 2006-2009 / |w(CaOODSP)9.634361 |
| 776 | 0#|tCanadian Wood Fibre Centre - Development plan 2006-2009 / |w(CaOODSP)9.689986 |
| 791 | |tCanadian Wood Fibre Centre - Development plan 2006-2009 / |eeng|w(CaOODSP)9.668963 |